Normal view
MARC view
- Haro, Fernando De
Entry Personal Name
001 - CONTROL NUMBER
- control field: 88979
003 - CONTROL NUMBER IDENTIFIER
- control field: NUST
005 - DATE AND TIME OF LATEST TRANSACTION
- control field: 20220211111048.0
008 - FIXED-LENGTH DATA ELEMENTS
- fixed length control field: 220211|| aca||aabn | a|a d
040 ## - CATALOGING SOURCE
- Original cataloging agency: NUST
- Transcribing agency: NUST
100 ## - HEADING--PERSONAL NAME
- Personal name: Haro, Fernando De
670 ## - SOURCE DATA FOUND
- Source citation: Work cat.: (NUST): Haro, Fernando De, Interiors: , 2011.
